| 000 | 00355nam a2200145Ia 4500 | ||
|---|---|---|---|
| 005 | 20251222141923.0 | ||
| 008 | 251222s9999||||xx |||||||||||||| ||spa|| | ||
| 020 | _a9978441042 | ||
| 082 | _a200/G23 | ||
| 100 | _aGarcía Durán, Fernando | ||
| 245 | 0 | _aCristo y Crucifijos Ecuatorianos | |
| 250 | _a1ra. Ed. | ||
| 264 | _bFundación Futuro | ||
| 942 | _cLIB | ||
| 999 |
_c8783 _d8783 |
||